00413nam a2200157Ia 4500008004100000020001500041041001200056082001600068100001700084245006300101250000800164260004900172300000800221650000800229700001800237221030s9999 xx 000 0 und d a8122411509 aEnglish a105.23bKak aS. L. Kakani 2aA Text Book OF Electronicscby S. L. Kakani, K. C. Bhandri a2nd bNew Age International Pub.aNew Delhic2000 a582 aECE aK. C. Bhandri